000 00378nam a2200145Ia 4500
008 260624s2022 xx 000 0 und d
020 _a9781451193572
041 _aeng
082 _a616.07
100 _aMedeiros
245 _aLoachims Lymph Node Pathology
250 _a5th ed
260 _bWolters Kluwer /Lippinocott Williams & Wilkins2022
_c2022
650 _aPathology
999 _c1222990
_d1222990